| 000 | 00743nam a2200217Ia 4500 | ||
|---|---|---|---|
| 003 | GCL | ||
| 008 | 140319s9999 xx 000 0 ara d | ||
| 040 |
_aGCL / _cGCL |
||
| 082 | 0 | 4 |
_a320.96 _bت ع |
| 100 | 1 | _aننسن، كوامى | |
| 245 | 1 | 0 |
_aالعولمة وإفريقيا / _cننسن، كوامى |
| 700 | 1 | _aكاسونجو، توكومبى لومومبا | |
| 260 |
_aالقاهرة : _bكلية الاقتصاد والعلوم السياسية ، _c2001 |
||
| 300 |
_a82 ص ؛ _c24 سم |
||
| 650 | 0 | 4 | _aالديمقراطية |
| 650 | 0 | 4 | _aالليبرالية |
| 650 | 0 | 4 | _aالراسمالية |
| 650 | 0 | 4 | _aافريقيا - الاحوال السياسية |
| 650 | 0 | 4 | _aافريقيا - العولمة |
| 942 |
_2ddc _cBK |
||
| 999 |
_c5613 _d5613 |
||